| 000 | 00865cam a22003251 4500 | ||
|---|---|---|---|
| 001 | 4531596 | ||
| 003 | OSt | ||
| 005 | 20140310184408.0 | ||
| 008 | 760527s1963 nyua j 000 0aeng | ||
| 010 | _a 63013882 | ||
| 020 | _a0439585740 | ||
| 040 |
_aDLC _cDLC _dDLC |
||
| 042 | _alcac | ||
| 050 | 0 | 0 |
_aPS 3527.O585 _b.N864 1963 |
| 100 | 1 |
_aNorth, Sterling, _d1906-1974. _925938 |
|
| 245 | 1 | 0 |
_aRascal / _cSterling North. |
| 250 | _a[1st ed.] | ||
| 260 |
_aNew York, _bDutton, _c1963. |
||
| 300 |
_a189 p. : _c21 cm. |
||
| 521 | _aG9 | ||
| 526 | _c1140 | ||
| 650 | 0 |
_aRaccoon _vBiography. _925939 |
|
| 650 | 1 |
_aRaccoon. _925940 |
|
| 650 | 1 |
_aCountry life _zWisconsin. _925941 |
|
| 700 | 1 |
_aSchoenherr, John, _eillus. _925942 |
|
| 906 |
_a7 _bcbc _corignew _du _eocip _f19 _gy-gencatlg |
||
| 942 |
_2lcc _cBK-SCHOLAS |
||
| 999 |
_c34073 _d34073 |
||